Statistics for All Of The Girls You Loved Before Lyrics

Click here to take the quiz!

General Stats

  • This quiz has been taken 39 times
  • The average score is 254 of 299

Answer Stats

HintAnswer% Correct
RefrainA
100%
a
100%
all
100%
| ChorusAll
100%
I
100%
of
100%
ChorusThe
100%
the
100%
Verse 1 | Verse 2When
100%
you
100%
before
96%
before.
96%
But
96%
for.
96%
for
96%
girls
96%
late
96%
love
96%
loved
96%
me,
96%
me
96%
me.
96%
nights.
96%
no
96%
so
96%
thankful
96%
think
96%
Bridge | Pre-ChorusYour
96%
your
96%
And
92%
and
92%
fights
92%
I'm
92%
in
92%
Now
92%
now.
92%
now
92%
on
92%
phone.
92%
more.
88%
one
88%
over
88%
to
88%
alone.
85%
alone
85%
dead-end
85%
Every
85%
is.
85%
is
85%
I've
85%
led
85%
made
85%
straight
85%
street
85%
up,
85%
up
85%
you're
85%
can
81%
fallen
81%
name
81%
need.
81%
some
81%
bathroom
77%
feelin'
77%
Lame
77%
mine.
77%
mine
77%
not
77%
remember
77%
someone.
77%
that
77%
Cryin'
73%
good
73%
handwriting,
73%
heart
73%
lady.
73%
like.
73%
like
73%
taught
73%
Wake
73%
with
73%
baby
69%
'baby',
69%
call
69%
dude
69%
goodbye.
69%
mornin'
69%
mother
69%
say
69%
someone's
69%
Teenage
69%
there's
69%
time.
69%
treat
69%
way
69%
amazing.
65%
around
65%
brought
65%
cannot
65%
fake
65%
hands
65%
how
65%
just
65%
killin'
65%
kind.
65%
loyal
65%
make
65%
parallel
65%
past
65%
town.
65%
town
65%
whose
65%
feels
62%
forever
62%
lines.
62%
RefrainSecret
62%
sixteen
62%
wanna
62%
are
58%
drawn
58%
holdin'
58%
home,
58%
intertwined.
58%
jokes
58%
know
58%
out
58%
they
58%
wild.
58%
aligned
54%
Breakin'
54%
into
54%
it's
54%
makin'
54%
one's
54%
Stars
54%
teach
54%
everything
50%
here.
50%
Sneakin'
50%
woman
50%
knew
46%
sayin'
46%
why
46%
without
46%
leave
42%

Score Distribution

Percentile by Number Answered

Percent of People with Each Score

Your Score History

You have not taken this quiz